| 000 | 00376cam a2200157ua 4500 | ||
|---|---|---|---|
| 041 |
_amal _h |
||
| 082 |
_a894.81209 _bDAN/VE |
||
| 100 | _aDaniel, K.M . | ||
| 245 | 0 | 0 |
_aVeenapoovu-Kanmunpil / _cK.M Daniel. _hTextual Documents |
| 250 |
_a1 / _b. |
||
| 260 |
_aCalicut : _bP.K.Brothers , _c1960. |
||
| 300 | _a104 ; . | ||
| 504 | _a | ||
| 942 | _cBK | ||
| 999 |
_c11691 _d11691 |
||